MARC

LEADER 00000nam0a2200000 4500
001 374908
005 20231102012705.0
035 |a (RuTPU)RU\TPU\retro\32343 
035 |a RU\TPU\book\226453 
090 |a 374908 
100 |a 20221219d1977 k y0rusy50 ca 
101 0 |a rus 
102 |a RU 
105 |a a z 001zy 
200 1 |a Ядерно-каскадный процесс в плотном веществе  |f А. И. Демьянов, В. С. Мурзин, Л. И. Сарычева  |g Академия наук СССР (АН СССР) ; Московский государственный университет им. М. В. Ломоносова (МГУ), Научно-исследовательский институт ядерной физики им. Д. В. Скобельцына (НИИЯФ) 
210 |a Москва  |c Наука  |d 1977 
215 |a 204 с.  |c ил. 
320 |a Библиогр.: с. 198-201. 
606 |a Космические лучи, солнечные  |2 stltpush  |3 (RuTPU)RU\TPU\subj\15856  |9 42062 
610 1 |a ядерные каскады 
610 1 |a флуктуация 
610 1 |a калориметры 
610 1 |a ядерные расщепления 
610 1 |a быстрые частицы 
610 1 |a ядро 
610 1 |a взаимодействия 
675 |a 524.1  |v 3 
700 1 |a Демьянов  |b А. И.  |g Андрей Иванович 
701 1 |a Мурзин  |b В. С.  |g Владимир Сергеевич 
701 1 |a Сарычева  |b Л. И.  |g Людмила Ивановна 
712 0 2 |a Академия наук СССР (АН СССР)  |2 stltpush  |3 (RuTPU)RU\TPU\col\722 
712 0 2 |a Московский государственный университет им. М. В. Ломоносова (МГУ)  |b Научно-исследовательский институт ядерной физики им. Д. В. Скобельцына (НИИЯФ)  |2 stltpush  |3 (RuTPU)RU\TPU\col\11923 
801 1 |a RU  |b 63413507  |c 20120125 
801 2 |a RU  |b 63413507  |c 20221219  |g RCR 
942 |c BK